[Event "FSGM June"]
[Site "Budapest HUN"]
[Date "1996.06.02"]
[Round "1"]
[White "Varga, Zo"]
[Black "Priehoda, V"]
[Result "1-0"]
[WhiteElo "2540"]
[BlackElo "2380"]

1. d4 d5 2. Nf3 c6 3. Bf4 Bf5 4. e3 e6 5. Be2 Bd6 6. O-O Ne7 7. Bxd6 Qxd6
8. c4 Nd7 9. Nc3 O-O 10. Qb3 Rab8 11. h3 h6 12. Rad1 Bh7 13. a3 Kh8 14. Qb4
Qxb4 15. axb4 dxc4 16. Bxc4 a6 17. e4 Rbd8 18. Rfe1 Nb6 19. Bb3 Bg8 20. Ne2
Ng6 21. Nc1 Nf4 22. g3 Ng6 23. Nd3 Rfe8 24. Nc5 Re7 25. Ne5 Nf8 26. f4 f6
27. Nf3 Rc7 28. Rd3 Nbd7 29. Red1 Bh7 30. Re3 Nxc5 31. dxc5 Rxd1+ 32. Bxd1
g5 33. fxg5 fxg5 34. Bb3 Kg7 35. Ne5 Nd7 36. Nc4 e5 37. Nd6 Nf6 38. Be6 Bg6
39. Bc8 Ne8 40. Bf5 Nf6 41. Bc8 Ne8 42. Nxe8+ Bxe8 43. Bf5 b6 44. Ra3 bxc5
45. bxc5 Rb7 46. Rxa6 Rxb2 47. Ra8 Kf7 48. Ra7+ Kf8 49. Rh7 h5 50. Rh8+ Ke7
51. Rh6 Rb1+ 52. Kf2 Rb2+ 53. Ke1 Rh2 54. Re6+ Kf8 55. g4 Rxh3 56. gxh5
Rh1+ 57. Kf2 Bxh5 58. Rxe5 Rc1 59. Bd7 Bg6 60. Bxc6 Rc3 1-0

[Event "FSGM June"]
[Site "Budapest HUN"]
[Date "1996.06.02"]
[Round "1"]
[White "Vajda, L"]
[Black "Breyther, R"]
[Result "1/2-1/2"]
[WhiteElo "2370"]
[BlackElo "2420"]

1. e4 c5 2. c3 e6 3. d4 d5 4. exd5 exd5 5. Be3 Qb6 6. Qe2 c4 7. b3 cxb3 8.
Bf4+ Be6 9. Qb5+ Bd7 10. Qxb3 Qe6+ 11. Be3 Nc6 12. Qxb7 Rb8 13. Qa6 Bd6 14.
Nf3 Nf6 15. Be2 Ng4 16. Ng5 Qg6 17. Bxg4 Rxb1+ 18. Rxb1 Qxb1+ 19. Bd1 h6
20. Nf3 O-O 21. O-O Qg6 22. Qb5 Qh5 23. h3 Rb8 24. Qd3 Bf5 25. Qd2 Na5 26.
Ne5 Qh4 27. Bf3 Nc4 28. Nxc4 dxc4 29. Be2 Bxh3 30. gxh3 Qxh3 31. f4 1/2-1/2

[Event "FSGM June"]
[Site "Budapest HUN"]
[Date "1996.06.02"]
[Round "1"]
[White "Pinski, J"]
[Black "Tseitlin, Mi"]
[Result "1-0"]
[WhiteElo "2320"]
[BlackElo "2425"]

1. e4 c6 2. d4 d5 3. f3 e6 4. Nc3 c5 5. exd5 exd5 6. dxc5 Bxc5 7. Qxd5 Qe7+
8. Qe4 Be6 9. Be3 Nc6 10. Bb5 Rc8 11. Nge2 a6 12. Bxc5 Qxc5 13. Bxc6+ Rxc6
14. Nd4 Nf6 15. Qf4 Rc8 16. O-O-O O-O 17. Nxe6 fxe6 18. Qd4 Qf5 19. Qd3 Qa5
20. Kb1 b5 21. Ne4 Rc6 22. Nxf6+ gxf6 23. Qd7 Rf7 24. Qxc6 1-0

[Event "FSGM June"]
[Site "Budapest HUN"]
[Date "1996.06.02"]
[Round "1"]
[White "Appleberry, M"]
[Black "Collas, D"]
[Result "0-1"]
[WhiteElo "2265"]
[BlackElo "2380"]

1. Nf3 c5 2. g3 g6 3. Bg2 Bg7 4. O-O Nf6 5. d3 Nc6 6. e4 d6 7. Nc3 Bg4 8.
h3 Bxf3 9. Bxf3 Rb8 10. a4 a6 11. Bg2 O-O 12. Bg5 b5 13. axb5 axb5 14. Qd2
Nd4 15. Rfe1 b4 16. Ne2 Qc7 17. Ra4 Nxe2+ 18. Qxe2 Nd7 19. Rea1 Bxb2 20.
Ra7 Qd8 21. R1a2 Bf6 22. Bxf6 exf6 23. f4 Re8 24. d4 cxd4 25. Qc4 Re7 26.
Qxd4 Nf8 27. Rxe7 Qxe7 28. Ra6 b3 29. cxb3 Rxb3 30. Kh2 Ne6 31. Qxd6 Qxd6
32. Rxd6 Kg7 33. Rd2 Re3 34. Rf2 Nd4 35. Rd2 Ne2 36. Bf3 Nxf4 37. gxf4 Rxf3
38. f5 Rf4 39. Re2 g5 40. Re1 h5 41. Re2 Kf8 42. Kg2 Ke7 43. Re1 Kd6 44.
Rd1+ Ke5 45. Rd7 Kxe4 0-1

[Event "FSGM June"]
[Site "Budapest HUN"]
[Date "1996.06.03"]
[Round "2"]
[White "Priehoda, V"]
[Black "Vajda, L"]
[Result "1/2-1/2"]
[WhiteElo "2380"]
[BlackElo "2370"]

1. Nf3 Nf6 2. d4 c5 3. d5 g6 4. c4 b5 5. Qc2 b4 6. a3 bxa3 7. Rxa3 d6 8. e4
Nxe4 9. Qxe4 Bf5 10. Qf4 Bxb1 11. Ng5 f6 12. Ne6 Qc8 13. Bd3 Bxd3 14. Rxd3
Nc6 15. Re3 Ne5 16. O-O h5 17. Qe4 Bh6 18. f4 f5 19. Qc2 Ng4 20. Re2 Kf7
21. Bd2 Qd7 22. Bc3 Rhe8 23. h3 Nf6 24. Bxf6 exf6 25. Rfe1 a5 26. g4 hxg4
27. hxg4 fxg4 28. f5 g5 29. Qe4 Rh8 30. Qxg4 Bf8 31. Rh2 Bg7 32. Rh5 Rae8
33. Qe2 Bh6 34. Kg2 Rh7 35. Reh1 Reh8 36. Kf2 Kg8 37. Ke1 Bf8 38. Kd2 a4
39. Qd1 Qb7 40. Rxh7 Rxh7 41. Rxh7 Qxh7 42. Qxa4 Qxf5 43. Qe8 Qf2+ 44. Kc3
Qe3+ 45. Kc2 Qe2+ 46. Kc3 Qe3+ 1/2-1/2

[Event "FSGM June"]
[Site "Budapest HUN"]
[Date "1996.06.03"]
[Round "2"]
[White "Collas, D"]
[Black "Pinski, J"]
[Result "1/2-1/2"]
[WhiteElo "2380"]
[BlackElo "2320"]

1. c4 c5 2. Nf3 g6 3. Nc3 Bg7 4. g3 Nc6 5. Bg2 d6 6. O-O Qd7 7. a3 b6 8. b4
Bb7 9. Bb2 cxb4 10. axb4 Nxb4 11. Qb3 Nc6 12. Nd5 e5 13. Ra3 Nge7 14. Nxe7
Qxe7 15. Rfa1 O-O 16. Ne1 Na5 17. Qa2 Rfc8 18. d3 e4 19. Bxg7 Kxg7 20. Nc2
exd3 21. Bxb7 Qxb7 22. Ne3 Qe4 23. exd3 Qd4 24. Nd5 Rab8 25. Re1 Re8 26.
Re3 Re5 27. Qa1 Qxa1+ 28. Rxa1 Nc6 29. Ra6 Rb7 30. Kf1 Nd4 31. h4 Ne6 32.
Ra2 Rxe3 33. fxe3 Nc5 34. Ke2 b5 35. cxb5 Rxb5 36. d4 Nb3 37. Nc3 Rb7 38.
Ra3 a5 39. Kd3 Rb4 40. Kc2 a4 41. Rxa4 Rxa4 42. Nxa4 Na5 43. Kd3 f5 44. Nb6
Kf7 45. e4 1/2-1/2

[Event "FSGM June"]
[Site "Budapest HUN"]
[Date "1996.06.03"]
[Round "2"]
[White "Breyther, R"]
[Black "Appleberry, M"]
[Result "1/2-1/2"]
[WhiteElo "2420"]
[BlackElo "2265"]

1. e4 c5 2. Nf3 Nf6 3. Nc3 e6 4. d4 d5 5. exd5 Nxd5 6. Bb5+ Bd7 7. Bxd7+
Qxd7 8. Nxd5 Qxd5 9. O-O Nc6 10. Be3 c4 11. Bf4 Be7 12. c3 O-O 13. Re1 Rfd8
14. Qe2 Rac8 15. Qe3 b5 16. a3 a5 17. Re2 b4 18. axb4 axb4 19. Rae1 bxc3
20. bxc3 Ra8 21. Ne5 Ra3 22. Nxc6 Qxc6 23. Qg3 Bf8 24. Re3 Rda8 25. h4 Ra1
26. Kh2 Rxe1 27. Rxe1 f6 28. Qg4 Kf7 29. Qh5+ Kg8 30. Qg4 Kf7 1/2-1/2

[Event "FSGM June"]
[Site "Budapest HUN"]
[Date "1996.06.04"]
[Round "3"]
[White "Lukacs, P"]
[Black "Tseitlin, Mi"]
[Result "1/2-1/2"]
[WhiteElo "2440"]
[BlackElo "2425"]

1. d4 e6 2. c4 c5 3. d5 exd5 4. cxd5 d6 5. Nc3 g6 6. Nf3 Bg7 7. Nd2 a6 8.
a4 Nd7 9. Nc4 Ne5 10. Nxe5 Bxe5 11. g3 Ne7 1/2-1/2

[Event "FSGM June"]
[Site "Budapest HUN"]
[Date "1996.06.04"]
[Round "3"]
[White "Vajda, L"]
[Black "Bezgodov, A"]
[Result "0-1"]
[WhiteElo "2370"]
[BlackElo "2485"]

1. e4 e5 2. Nf3 Nc6 3. d4 exd4 4. Nxd4 Nf6 5. Nxc6 bxc6 6. e5 Qe7 7. Qe2
Nd5 8. c4 Nb6 9. Nd2 d5 10. exd6 Qxe2+ 11. Bxe2 cxd6 12. Bf3 Bb7 13. O-O
O-O-O 14. a4 Be7 15. a5 Nd7 16. a6 Ba8 17. b4 Kc7 18. Bb2 Bf6 19. Bxf6 Nxf6
20. Rfd1 Rb8 21. Rab1 Rhd8 22. Re1 Rb6 23. Ne4 Nxe4 24. Rxe4 Rxa6 25. b5
Rb6 26. Ra1 Bb7 27. Re7+ Rd7 28. Rxd7+ Kxd7 29. Rxa7 Kc8 30. Be2 cxb5 31.
cxb5 d5 32. f4 Rf6 33. g3 Kc7 34. Ra3 Re6 35. Kf2 Kb6 36. Rc3 Re4 37. h4 h6
38. Rd3 Re7 39. Rc3 Re4 40. Rd3 Kc5 41. Rc3+ Kb6 42. Rd3 Rb4 43. Re3 d4 44.
Re8 Rb2 45. Rd8 Kc5 46. Ke1 f5 47. Rb8 Be4 48. Rc8+ Kb6 49. Rd8 Rb4 50. Rd7
Kc5 51. Rc7+ Kd5 52. Kf2 g6 53. b6 Rxb6 54. Rd7+ Kc5 55. Rd8 Rb4 56. g4
fxg4 57. Bxg4 Rb2+ 58. Ke1 Kc4 59. Be2+ d3 60. Bd1 Rh2 0-1

[Event "FSGM June"]
[Site "Budapest HUN"]
[Date "1996.06.04"]
[Round "3"]
[White "Pinski, J"]
[Black "Breyther, R"]
[Result "1/2-1/2"]
[WhiteElo "2320"]
[BlackElo "2420"]

1. e4 c5 2. Nf3 e6 3. d4 cxd4 4. Nxd4 Nf6 5. Nc3 d6 6. Be3 a6 7. g4 h6 8.
f4 Nc6 9. h3 Qa5 10. Qd2 Nxd4 11. Bxd4 e5 12. Be3 exf4 13. Bxf4 Be6 14. Bg2
Be7 15. Nd5 Qxd2+ 16. Kxd2 Bxd5 17. exd5 Kd8 18. Rae1 Rc8 19. b3 Re8 20. c4
Kd7 21. Bf3 Bd8 22. Rxe8 Ba5+ 23. Kd3 Rxe8 24. a3 Re1 25. Rxe1 Bxe1 26. Be3
Kc7 27. b4 b6 28. Bd4 Bg3 29. Bc3 Bf2 30. Ke2 Bh4 31. a4 Ne8 32. Ke3 Bf6
33. Be1 Be5 34. h4 f5 35. gxf5 Nf6 36. Kd3 Nd7 37. Be2 a5 38. bxa5 Nc5+ 39.
Kc2 Nxa4 40. Kb3 Nc5+ 41. Kb4 bxa5+ 42. Kxa5 Bd4 43. Kb5 Ne4 44. Bd3 Nc3+
45. Kb4 Nd1 46. Kb3 Ne3 47. Be4 Kd7 48. Bc3 Bxc3 49. Kxc3 Kc7 50. Kd4 Ng4
51. c5 Nf6 52. c6 Kb6 53. Bf3 Kc7 54. Kc4 Kb6 55. Kb4 Ka6 56. Be2+ Kb6
1/2-1/2

[Event "FSGM June"]
[Site "Budapest HUN"]
[Date "1996.06.04"]
[Round "3"]
[White "Appleberry, M"]
[Black "Priehoda, V"]
[Result "1/2-1/2"]
[WhiteElo "2265"]
[BlackElo "2380"]

1. d4 e6 2. e4 d5 3. Nc3 Bb4 4. e5 c5 5. Qg4 Ne7 6. Nf3 cxd4 7. Nxd4 O-O 8.
Bd3 b6 9. O-O Bxc3 10. bxc3 Ba6 11. Rd1 Qc7 12. Ba3 Re8 13. Bd6 Qd7 14. h4
Bxd3 15. Rxd3 Nbc6 16. Rg3 g6 17. Nxc6 Qxc6 18. Bxe7 Rxe7 19. Qg5 Qe8 20.
h5 Rc7 21. Rd1 Qd8 22. Qh6 Qf8 23. Qg5 Qd8 24. Qh6 Qf8 25. Qg5 Qe7 26. Qh6
Rac8 27. Rdd3 Qf8 28. Qg5 Qd8 29. Qh6 Qf8 30. Qg5 Qe7 31. Qh6 Qf8 32. Qg5
Qe7 1/2-1/2

[Event "FSGM June"]
[Site "Budapest HUN"]
[Date "1996.06.04"]
[Round "3"]
[White "Kaabi, M"]
[Black "Collas, D"]
[Result "0-1"]
[WhiteElo "2395"]
[BlackElo "2380"]

1. d4 Nf6 2. c4 c5 3. d5 b5 4. cxb5 a6 5. b6 Qxb6 6. Nc3 d6 7. e4 g6 8. Nf3
Bg4 9. Qa4+ Bd7 10. Qc2 Bb5 11. Be2 Bg7 12. O-O O-O 13. a4 Bxe2 14. Qxe2
Qb7 15. Rd1 Nbd7 16. Nd2 Ne8 17. Nc4 Ne5 18. Nxe5 Bxe5 19. Bh6 Ng7 20. f4
Bd4+ 21. Kh1 Rab8 22. Rd2 Rfe8 23. Bxg7 Kxg7 24. a5 e6 25. dxe6 Rxe6 26.
Qc4 Be3 27. Re2 Bxf4 28. Nd5 Be5 29. Rb1 Bd4 30. b4 Re5 31. Rd1 Rbe8 32.
bxc5 Bxc5 33. Qc3 Rc8 34. Qf3 f5 35. Ree1 Qb3 36. Qf1 Qb5 37. Qf3 Qxa5 38.
Ra1 Qd2 39. Re2 Qd4 40. Rf1 Rxe4 0-1

[Event "FSGM June"]
[Site "Budapest HUN"]
[Date "1996.06.05"]
[Round "4"]
[White "Bezgodov, A"]
[Black "Appleberry, M"]
[Result "1-0"]
[WhiteElo "2485"]
[BlackElo "2265"]

1. e4 e5 2. Nf3 Nf6 3. d4 Nxe4 4. Bd3 Nc6 5. Nxe5 Nxe5 6. Bxe4 d5 7. dxe5
dxe4 8. Qxd8+ Kxd8 9. Nc3 Bf5 10. Bg5+ Kc8 11. O-O-O Bc5 12. Rhf1 h6 13.
Be3 Bxe3+ 14. fxe3 Be6 15. Nxe4 b6 16. Ng3 g6 17. Ne2 Bc4 18. Rd2 Re8 19.
b3 Be6 20. Nd4 Kb7 21. Rf6 Bd5 22. c4 Be4 23. Rxf7 Rxe5 24. Nb5 Rxb5 25.
cxb5 Bf5 26. Rd4 a6 27. g4 Be6 1-0

[Event "FSGM June"]
[Site "Budapest HUN"]
[Date "1996.06.05"]
[Round "4"]
[White "Priehoda, V"]
[Black "Pinski, J"]
[Result "1-0"]
[WhiteElo "2380"]
[BlackElo "2320"]

1. e4 e5 2. Nf3 Nc6 3. Bb5 a6 4. Ba4 Nf6 5. O-O Be7 6. Bxc6 dxc6 7. Nc3 Nd7
8. d4 f6 9. Nh4 Nf8 10. Qh5+ g6 11. Qh6 Be6 12. dxe5 fxe5 13. Nf3 Bf6 14.
Bg5 Qe7 15. Rfd1 Nd7 16. Rd2 Bg7 17. Qh4 Qf8 18. Rad1 h6 19. Be3 Qf7 20.
Qg3 O-O-O 21. h4 Qf6 22. Ne2 Rhe8 23. b3 Bf7 24. Rd3 Bg8 25. Nc1 Bf8 26.
Nh2 Qg7 27. Ng4 Qh8 28. f3 Re6 29. R3d2 Rd6 30. Nd3 Re8 31. Qe1 Be6 32. Qg3
Bg8 33. Re2 Rde6 34. Qe1 Rd6 35. c4 c5 36. Red2 b6 37. Bf2 h5 38. Ne3 Nb8
39. Nd5 Nc6 40. b4 cxb4 41. c5 Rd7 42. N3xb4 Nd4 43. Qf1 b5 44. Bxd4 exd4
45. Nxa6 Bxd5 46. Qxb5 Kd8 47. exd5 Bh6 48. c6 Be3+ 49. Kf1 Rf7 50. Nxc7
Kxc7 51. Qb7+ Kd6 52. Qxf7 Re7 53. Qxg6+ Kxd5 54. Qf5+ Kd6 55. Rc2 Qg7 56.
Qc5+ Kc7 57. Rb2 1-0

[Event "FSGM June"]
[Site "Budapest HUN"]
[Date "1996.06.05"]
[Round "4"]
[White "Varga, Zo"]
[Black "Vajda, L"]
[Result "1/2-1/2"]
[WhiteElo "2540"]
[BlackElo "2370"]

1. e4 e5 2. Nf3 Nc6 3. Bb5 a6 4. Ba4 Nf6 5. O-O Be7 6. Re1 b5 7. Bb3 O-O 8.
a4 b4 9. a5 d6 10. c3 Rb8 11. Bc4 Bb7 12. Qe2 Ra8 13. d4 exd4 14. cxd4 d5
15. exd5 Nxd5 16. Nbd2 Nf4 17. Qe4 Bd6 18. Qf5 g6 19. Qc2 Nxg2 20. Kxg2
Nxd4 21. Qd3 Qg5+ 22. Kf1 Qg4 23. Re3 Nxf3 24. Nxf3 Bf4 25. Bd5 Bxd5 26.
Qxd5 Rad8 27. Qc4 Qh3+ 28. Ke2 Bxe3 29. Bxe3 Qh5 30. Qxa6 Rd6 31. Qb7 Re8
32. a6 c6 33. Qxb4 Rf6 34. a7 Qxf3+ 35. Kd2 Rd8+ 36. Kc3 Qf5 37. Rd1 Qe5+
38. Kb3 Ra8 39. Qb7 Qe8 40. Rd7 Rf5 41. Qxc6 Ra5 42. Qb7 Rc8 43. Bd4 Qe6+
44. Kb4 Qc4+ 45. Kxa5 Qa2+ 46. Kb6 Qb3+ 47. Ka5 Qa2+ 48. Kb6 Qb3+ 1/2-1/2

[Event "FSGM June"]
[Site "Budapest HUN"]
[Date "1996.06.05"]
[Round "4"]
[White "Collas, D"]
[Black "Lukacs, P"]
[Result "1/2-1/2"]
[WhiteElo "2380"]
[BlackElo "2440"]

1. c4 Nf6 2. Nf3 e6 3. g3 d5 4. Bg2 dxc4 5. Qa4+ Nbd7 6. Ne5 c5 7. Nc3 Be7
8. Nxd7 Bxd7 9. Qxc4 Rb8 10. d3 b5 11. Qb3 Qb6 12. O-O O-O 13. a4 a6 14.
axb5 axb5 15. Qa2 Bc6 16. Qa7 Bxg2 17. Qxb6 Rxb6 18. Kxg2 Rd6 19. Ra7 c4
1/2-1/2

[Event "FSGM June"]
[Site "Budapest HUN"]
[Date "1996.06.05"]
[Round "4"]
[White "Breyther, R"]
[Black "Kaabi, M"]
[Result "1-0"]
[WhiteElo "2420"]
[BlackElo "2395"]

1. e4 e5 2. Nf3 Nc6 3. Bb5 a6 4. Ba4 Nf6 5. O-O Be7 6. Re1 b5 7. Bb3 d6 8.
c3 O-O 9. d3 Na5 10. Bc2 c5 11. Nbd2 Re8 12. Nf1 Bf8 13. Ne3 g6 14. Bd2 Bb7
15. b4 Nc6 16. Bb3 Bg7 17. Ng5 Rf8 18. Nd5 cxb4 19. Nxb4 Nxb4 20. cxb4 h6
21. Nf3 Rc8 22. Rc1 Rxc1 23. Qxc1 Kh7 24. h3 Qd7 25. Qb1 Nh5 26. g4 Nf6 27.
Re3 Re8 28. Qe1 Re7 29. Bc3 Qe8 30. Bb2 g5 31. Nh2 h5 32. Qe2 h4 33. Rf3
Nd7 34. Rf5 f6 35. Nf3 Bh6 36. Bc1 Rg7 37. Kh2 Rg6 38. Qc2 Qc8 39. Qxc8
Bxc8 40. Bf7 Rg7 41. Be8 Nc5 42. Rxf6 Nxd3 43. Be3 Nxb4 44. Rxd6 Bb7 45.
Nd2 Nxa2 46. Bd7 Rf7 47. Bf5+ Kg7 48. Be6 Rc7 49. Bxa2 Kh7 50. Be6 Bf8 51.
Bf5+ Kg7 52. Rg6+ Kf7 53. Nf3 1-0

[Event "FSGM June"]
[Site "Budapest HUN"]
[Date "1996.06.06"]
[Round "5"]
[White "Tseitlin, Mi"]
[Black "Collas, D"]
[Result "1/2-1/2"]
[WhiteElo "2425"]
[BlackElo "2380"]

1. d4 Nf6 2. Nf3 g6 3. Bg5 Bg7 4. Nbd2 d5 5. e3 c5 6. c3 cxd4 7. cxd4 O-O
8. Bd3 Nc6 9. a3 Bg4 10. Qb1 Bxf3 11. Nxf3 Qd7 12. O-O Rfc8 13. Rc1 Ne8 14.
Qa2 e6 15. Rc2 Nd6 16. Rac1 Na5 17. Bf4 Rxc2 18. Rxc2 Nc6 19. Qb3 Bf8 20.
Ne5 Nxe5 21. Bxe5 Rc8 22. Kf1 Be7 23. a4 a6 24. f3 Nf5 25. Ke2 h5 26. h3
Rc6 27. g4 hxg4 28. hxg4 Nd6 29. Kd1 Ne8 30. Rh2 Bf6 31. Bxf6 Nxf6 32. g5
Nh5 33. Rc2 Ng3 34. Rxc6 Qxc6 35. Qc2 Qxc2+ 36. Kxc2 a5 37. b4 b6 38. bxa5
bxa5 39. e4 Kf8 40. Kd2 Ke7 41. exd5 exd5 42. Ke3 Nh5 43. Bf1 Ng7 44. Bh3
Ne6 45. Bxe6 fxe6 46. f4 1/2-1/2

[Event "FSGM June"]
[Site "Budapest HUN"]
[Date "1996.06.06"]
[Round "5"]
[White "Pinski, J"]
[Black "Bezgodov, A"]
[Result "1/2-1/2"]
[WhiteElo "2320"]
[BlackElo "2485"]

1. e4 e5 2. Nf3 Nc6 3. Bb5 a6 4. Ba4 Nf6 5. O-O Be7 6. Re1 b5 7. Bb3 d6 8.
c3 O-O 9. h3 Na5 10. Bc2 c5 11. d3 Re8 12. Nbd2 Nd7 13. d4 cxd4 14. cxd4
Nc6 15. Nf1 exd4 16. Nxd4 Nxd4 17. Qxd4 Ne5 18. f4 Nc6 19. Qf2 Bh4 20. g3
Bf6 21. Kh2 Bb7 22. Be3 Bxb2 23. Rad1 Bc3 24. Re2 Qf6 25. Bb6 Na5 26. Ne3
Nc4 27. Nxc4 bxc4 28. Bc7 Qe6 29. Rxd6 Qe7 30. Rb6 Rec8 31. Rxb7 1/2-1/2

[Event "FSGM June"]
[Site "Budapest HUN"]
[Date "1996.06.06"]
[Round "5"]
[White "Appleberry, M"]
[Black "Varga, Zo"]
[Result "0-1"]
[WhiteElo "2265"]
[BlackElo "2540"]

1. e4 Nf6 2. e5 Nd5 3. d4 d6 4. c4 Nb6 5. exd6 cxd6 6. Nc3 g6 7. Be3 Bg7 8.
Rc1 O-O 9. b3 Nc6 10. d5 Ne5 11. Be2 f5 12. Nf3 f4 13. Bd4 h6 14. O-O g5
15. a4 Bf5 16. Nxe5 dxe5 17. Bxb6 Qxb6 18. Bd3 Bxd3 19. Qxd3 0-1

[Event "FSGM June"]
[Site "Budapest HUN"]
[Date "1996.06.07"]
[Round "6"]
[White "Priehoda, V"]
[Black "Lukacs, P"]
[Result "1-0"]
[WhiteElo "2380"]
[BlackElo "2440"]

1. e4 e5 2. Nf3 Nc6 3. Bb5 a6 4. Ba4 Nf6 5. O-O Be7 6. Bxc6 dxc6 7. Nc3 Nd7
8. d4 exd4 9. Qxd4 O-O 10. Bf4 Nc5 11. Qe3 Ne6 12. Rad1 Qe8 13. Bg3 Bc5 14.
Qc1 f6 15. Rfe1 Qf7 16. Na4 Ba7 17. b3 b5 18. Nb2 Bb7 19. Nd3 c5 20. c4
Rad8 21. Nb2 Bb6 22. Qe3 Ba5 23. Rf1 Qg6 24. cxb5 axb5 25. Qe2 Qxe4 26.
Qxb5 Rxd1 27. Rxd1 Nd4 28. Qc4+ Bd5 29. Qd3 Qxd3 30. Rxd3 Be4 31. Nxd4 cxd4
32. Rxd4 f5 33. Nc4 Bc3 34. Rd7 f4 35. Bh4 Bb1 36. a3 Re8 37. h3 c5 38. Be7
Bd4 39. Rc7 Ba2 40. Bxc5 Bxc5 41. Rxc5 Bxb3 42. Ne5 h6 43. h4 Bd1 44. f3
Bb3 45. Kh2 Ra8 46. Rc3 Be6 47. Nd3 Rf8 48. a4 g5 49. Rc6 Bf5 50. Nc5 Kg7
51. a5 g4 52. Ne6+ Bxe6 53. Rxe6 g3+ 54. Kh3 h5 55. a6 Rf7 56. Re4 Kg6 57.
Ra4 1-0

[Event "FSGM June"]
[Site "Budapest HUN"]
[Date "1996.06.07"]
[Round "6"]
[White "Varga, Zo"]
[Black "Pinski, J"]
[Result "1/2-1/2"]
[WhiteElo "2540"]
[BlackElo "2320"]

1. e4 e5 2. Nf3 Nc6 3. Bb5 a6 4. Ba4 Nf6 5. O-O Be7 6. Re1 b5 7. Bb3 d6 8.
a4 Na5 9. Ba2 c5 10. Nc3 b4 11. Nd5 b3 12. Nxf6+ Bxf6 13. cxb3 Nc6 14. h3
O-O 15. b4 1/2-1/2

[Event "FSGM June"]
[Site "Budapest HUN"]
[Date "1996.06.07"]
[Round "6"]
[White "Vajda, L"]
[Black "Appleberry, M"]
[Result "1-0"]
[WhiteElo "2370"]
[BlackElo "2265"]

1. e4 Nf6 2. Nc3 d5 3. e5 Ne4 4. Nce2 f6 5. d3 Ng5 6. Bxg5 fxg5 7. h4 Nc6
8. d4 Bf5 9. Ng3 Bg6 10. Bd3 Bf7 11. hxg5 Nxd4 12. g6 Be6 13. Rxh7 Rg8 14.
c3 Nc6 15. f4 Bd7 16. Nf3 e6 17. Nh5 1-0

[Event "FSGM June"]
[Site "Budapest HUN"]
[Date "1996.06.08"]
[Round "7"]
[White "Collas, D"]
[Black "Breyther, R"]
[Result "1/2-1/2"]
[WhiteElo "2380"]
[BlackElo "2420"]

1. c4 Nf6 2. Nf3 e6 3. g3 d5 4. b3 a5 5. Bg2 a4 6. Ba3 Bxa3 7. Nxa3 Qe7 8.
Qc1 O-O 9. Qb2 Nc6 10. O-O dxc4 11. bxc4 e5 12. Nc2 Rd8 13. d3 e4 14. dxe4
Nxe4 15. Rad1 Rxd1 16. Rxd1 a3 17. Qb3 Nc5 18. Qc3 Na4 19. Qb3 Nc5 20. Qc3
Na4 21. Qb3 1/2-1/2

[Event "FSGM June"]
[Site "Budapest HUN"]
[Date "1996.06.08"]
[Round "7"]
[White "Tseitlin, Mi"]
[Black "Priehoda, V"]
[Result "1/2-1/2"]
[WhiteElo "2425"]
[BlackElo "2380"]

1. e4 c5 2. Nf3 e6 3. d4 cxd4 4. Nxd4 Nf6 5. Nc3 Nc6 6. Nxc6 bxc6 7. e5 Nd5
8. Ne4 Qc7 9. f4 Qa5+ 10. c3 f5 11. exf6 Nxf6 12. Bd3 Be7 13. O-O Ba6 14.
Nxf6+ Bxf6 15. Be3 Bxd3 16. Qxd3 Rb8 17. Rfd1 Rb7 18. a4 O-O 19. b4 Qd8 20.
Bc5 Be7 21. Be3 Bf6 22. Ra2 d5 23. Re2 Re8 24. Bc5 Be7 25. Bd4 Bd6 26. g3
Rbe7 27. Rde1 Qc7 28. Be5 Bxe5 29. Rxe5 a5 30. Kg2 Qa7 31. bxa5 Qxa5 32. f5
Qxa4 33. fxe6 Qb3 34. h4 Qa2+ 35. R1e2 Qa3 36. Rh5 g6 37. Rhe5 Qd6 38. Qe3
c5 39. h5 d4 40. cxd4 cxd4 41. Qd3 Kg7 42. Qd2 h6 43. hxg6 Rxe6 44. Rxe6
Rxe6 1/2-1/2

[Event "FSGM June"]
[Site "Budapest HUN"]
[Date "1996.06.08"]
[Round "7"]
[White "Pinski, J"]
[Black "Vajda, L"]
[Result "0-1"]
[WhiteElo "2320"]
[BlackElo "2370"]

1. d4 Nf6 2. Nf3 c5 3. d5 g6 4. Nc3 Bg7 5. e4 O-O 6. a4 d6 7. Be2 e6 8. O-O
exd5 9. exd5 Nbd7 10. Bf4 Ne8 11. Nd2 Ne5 12. Nc4 Nxc4 13. Bxc4 Nf6 14. Nb5
Ne8 15. Nc3 a6 16. Qd2 Nf6 17. a5 Qc7 18. Rfe1 Bf5 19. f3 Rae8 20. Na4 Bd7
21. Be3 Bxa4 22. Rxa4 Nd7 23. Bf1 Ne5 24. Bf2 f5 25. b3 Bf6 26. c3 Re7 27.
b4 c4 28. Raa1 Rfe8 29. Rab1 Kf7 30. Bb6 Qc8 31. Bf2 Nd3 32. Rxe7+ Rxe7 33.
Bxd3 cxd3 34. Qxd3 Qxc3 35. Qxc3 Bxc3 36. b5 Bxa5 37. bxa6 bxa6 38. Ra1 Rb7
39. Bg3 Rb5 40. Bxd6 Rxd5 41. Bf4 Bb6+ 42. Kf1 a5 43. Rb1 Bd4 44. Rb7+ Ke6
45. Ke2 a4 46. Bc1 Bc5 47. Rb5 Be7 48. Rb7 Ra5 49. Bd2 Ra6 50. Bb4 Bxb4 51.
Rxb4 a3 52. Rb1 a2 53. Ra1 Ke5 54. Ke3 Ra3+ 55. Kd2 h5 56. Ke2 Kd4 57. Kd2
h4 58. Kc2 Ke3 59. Kb2 Ra6 0-1

[Event "FSGM June"]
[Site "Budapest HUN"]
[Date "1996.06.08"]
[Round "7"]
[White "Kaabi, M"]
[Black "Varga, Zo"]
[Result "0-1"]
[WhiteElo "2395"]
[BlackElo "2540"]

1. d4 d5 2. Nf3 Nf6 3. c4 dxc4 4. Nc3 a6 5. e4 b5 6. e5 Nd5 7. a4 e6 8.
axb5 Bb4 9. Bd2 Nb6 10. bxa6 O-O 11. Be2 Nc6 12. Ne4 Be7 13. Bc3 Qd5 14.
Ng3 Bxa6 15. O-O Rfd8 16. Qc2 h6 17. Nh5 Nb4 18. Bxb4 Bxb4 19. Nf4 Qd7 20.
Nh5 Bb7 21. Rxa8 Bxa8 22. Rd1 Qa4 23. Qc1 Be4 24. Qf4 Qc2 25. Ng3 Bd3 26.
Qc1 Ra8 27. Bxd3 Qxc1 28. Rxc1 cxd3 29. Rd1 Ra2 30. Rxd3 Rxb2 31. h3 Nd5
32. Nh5 Rb1+ 33. Kh2 Rf1 34. Kg3 f5 35. Rb3 c5 36. dxc5 Bxc5 37. Rb8+ Kf7
38. Rb2 g5 39. Rb7+ Kg6 40. Ng7 Bxf2+ 41. Kh2 f4 0-1

[Event "FSGM June"]
[Site "Budapest HUN"]
[Date "1996.06.10"]
[Round "8"]
[White "Priehoda, V"]
[Black "Collas, D"]
[Result "1-0"]
[WhiteElo "2380"]
[BlackElo "2380"]

1. d4 Nf6 2. c4 c5 3. d5 b5 4. Nf3 g6 5. Qc2 bxc4 6. e4 Ba6 7. Nbd2 Bg7 8.
Bxc4 Bxc4 9. Nxc4 d6 10. O-O Nbd7 11. Bd2 Nb6 12. b3 O-O 13. Bc3 Qc8 14.
Nfd2 Qa6 15. f4 Rfe8 16. Rae1 Rab8 17. Qd3 Nxc4 18. bxc4 Nd7 19. e5 e6 20.
dxe6 Rxe6 21. Ne4 Nb6 22. Nxd6 Rd8 23. f5 gxf5 24. Qxf5 Rd7 25. Ne4 Qxc4
26. Nf6+ Bxf6 27. exf6 Kf8 28. Qg5 Rdd6 29. Rxe6 Rxe6 30. Rd1 Nd7 31. Rxd7
Ke8 32. Rd1 1-0

[Event "FSGM June"]
[Site "Budapest HUN"]
[Date "1996.06.10"]
[Round "8"]
[White "Appleberry, M"]
[Black "Pinski, J"]
[Result "1-0"]
[WhiteElo "2265"]
[BlackElo "2320"]

1. d4 Nf6 2. c4 c5 3. d5 b5 4. cxb5 a6 5. bxa6 g6 6. Nc3 Bxa6 7. e4 Bxf1 8.
Kxf1 d6 9. Nf3 Bg7 10. g3 O-O 11. Kg2 Nbd7 12. h3 Qb8 13. Re1 Ne8 14. Re2
Nb6 15. Bg5 Qb7 16. Qb3 Rb8 17. Rae1 h6 18. Bf4 Nc7 19. Rd1 Qa6 20. Qc2 Nc4
21. Bc1 Rb4 22. Qd3 Ra8 23. b3 Na3 24. Qxa6 Rxa6 25. Bxa3 Rxa3 26. Nb1 Ra7
27. Rc1 Rab7 28. Ne1 Nb5 29. Nc2 Nd4 30. Nxd4 Rxd4 31. f3 Rd3 32. Na3 f5
33. Nc4 fxe4 34. fxe4 Rb4 35. Rf1 Rb7 36. Re3 Rxe3 37. Nxe3 Bc3 38. Nc4 Kg7
39. Rf3 Bd4 40. Kf1 Ra7 41. a4 Bf6 42. Ke2 e6 43. Nxd6 1-0

[Event "FSGM June"]
[Site "Budapest HUN"]
[Date "1996.06.11"]
[Round "9"]
[White "Lukacs, P"]
[Black "Vajda, L"]
[Result "1-0"]
[WhiteElo "2440"]
[BlackElo "2370"]

1. d4 Nf6 2. c4 c5 3. d5 b5 4. cxb5 a6 5. e3 g6 6. Nc3 Bg7 7. a4 O-O 8. e4
d6 9. Nf3 Nbd7 10. Bd2 Ne8 11. Be2 axb5 12. axb5 Rxa1 13. Qxa1 Nb6 14. Qa5
Qc7 15. O-O e6 16. dxe6 Bxe6 17. Ra1 Bc4 18. Bxc4 Nxc4 19. Qa2 Nb6 20. Qa7
Nc8 21. Qa6 Qb8 22. Nd5 Nc7 23. Nxc7 Qxc7 24. Ba5 Qa7 25. Bc3 Qb8 26. Nd2
Nb6 27. Ba5 Nd7 28. Nc4 d5 29. exd5 Qf4 30. b6 Bd4 31. Rf1 Nf6 32. Bd2 Qe4
33. b7 Qxd5 34. Bf4 Nd7 35. Qb5 Nb8 36. b4 Kg7 37. Bd6 Rd8 38. bxc5 Nd7 39.
Qxd7 Rxd7 40. b8=Q Qxc4 41. Bf8+ Kf6 42. Qf4+ Ke6 43. Qe4+ Kf6 44. c6 Ra7
45. Qf4+ Ke6 46. Re1+ 1-0

[Event "FSGM June"]
[Site "Budapest HUN"]
[Date "1996.06.12"]
[Round "10"]
[White "Bezgodov, A"]
[Black "Breyther, R"]
[Result "1-0"]
[WhiteElo "2485"]
[BlackElo "2420"]

1. e4 c5 2. c3 e6 3. Nf3 d5 4. exd5 exd5 5. d4 Nc6 6. Bb5 Bd6 7. O-O Nge7
8. dxc5 Bxc5 9. Nbd2 O-O 10. Nb3 Bd6 11. Bd3 h6 12. h3 Bf5 13. Nbd4 Bxd3
14. Qxd3 Re8 15. Be3 a6 16. Rad1 Nxd4 17. Qxd4 Qc7 18. Qg4 Qc8 19. Qh5 Qe6
20. Rfe1 Rad8 21. Bf4 Qf6 22. Bxd6 Rxd6 23. Rd3 Rf8 24. Ne5 Qf5 25. Qd1 Re6
26. Rf3 Qh7 27. Nd7 Rd8 28. Nc5 Rxe1+ 29. Qxe1 1-0